Buen humor: 1909-1910
Furkejuvvon:
| Váldodahkki: | |
|---|---|
| Materiálatiipa: | Girji |
| Giella: | espánnjágiella |
| Almmustuhtton: |
Santiago
Imprenta La Ilustración
1910
|
| Preanttus: | 1a. ed |
| Fáttát: | |
| Fáddágilkorat: |
Lasit fáddágilkoriid
Eai fáddágilkorat, Lasit vuosttaš fáddágilkora!
|
MARC
| LEADER | 00000cam a2200000 a 4500 | ||
|---|---|---|---|
| 001 | UCE4922 | ||
| 003 | CL-VaPUC | ||
| 005 | 20230531074418.0 | ||
| 008 | 141120e19100000cl |||||||||||||||||spa|d | ||
| 999 | |c 357778 |d 357776 | ||
| 040 | |c Pontificia Universidad Católica de Valparaíso | ||
| 082 | 0 | 4 | |a Ch863 |b MAL |2 21 |
| 100 | |a Maltrana |e autor |q Espejo, Ángel Custodio |9 862032 | ||
| 245 | 1 | 0 | |a Buen humor: 1909-1910 |
| 246 | 1 | 0 | |a Oronía i sentimiento: 1º serie |
| 250 | |a 1a. ed | ||
| 260 | |a Santiago |b Imprenta La Ilustración |c 1910 | ||
| 300 | |a pág. irreg | ||
| 583 | |a last modification |c 20141120 11:52:00 |k Rodrigo Vera | ||
| 650 | 0 | |a Literatura chilena |9 308278 | |
| 650 | 0 | |a Novelas chilenas |9 265425 | |
| 942 | |c BK |2 ddc | ||
| 945 | |d 20141120 11:52:00 |a dcastane | ||
| 952 | |0 0 |1 0 |3 erd |4 0 |6 CH_863_000000000000000_MAL_1910 |7 0 |8 X |9 465839 |a FDOBUD |b FDOBUD |i 5107989 |o Ch863 MAL 1910 |p 5107989 |r 2019-11-23 |w 2019-11-23 |y BK_X |z Catalogado en:20141120 |k BUD | ||